Report on education statistics 1991

Na minha lista:
Detalhes bibliográficos
Formato: Livro
Idioma:inglês
tailandês
Publicado em: Bangkok National Statistical Office [1992]
Assuntos:
Tags: Adicionar Tag
Sem tags, seja o primeiro a adicionar uma tag!

MARC

LEADER 00000nam a2200000 4500
001 c101136
005 20221123102346.8
020 |a 974-8095-21-5 
041 0 |a eng 
041 0 |a tha 
044 |a TH 
245 1 0 |a Report on education statistics 1991 
264 1 |a Bangkok  |b National Statistical Office  |c [1992] 
300 |a 31 s. 
610 2 0 |a štatistika 
610 2 0 |a Thajsko 
610 2 0 |a vzdelanie 
610 2 0 |a vzdelávanie 
610 2 0 |a školstvo 
610 2 0 |a 1991